On This Day: September 22nd Quiz Stats

 Plays Quiz Updated Sep 22, 2017

Challenge
Share
Tweet
Embed
Score 0/7 Timer 03:00
1 Play Today
Question Answer Wrong Answers
This magazine, which primarily contains articles about science, geography, history, and world culture, is published for this first time.
1888
National Geographic
92.3%
American Scientist
3.5%
Discover
2.2%
Skeptical Inquirer
0.5%
The steel strike of 1919, led by the Amalgamated Association of Iron and Steel Workers, begins in ______ before spreading across the United States.
1919
Pennsylvania
90.5%
Florida
1.2%
Arizona
3.1%
Idaho
3.3%
These ancient manuscripts, which have great historic, religious, and linguistic significance, are made available to the public for the first time by the Huntington Library.
1991
Dead Sea Scrolls
89.9%
Elgin Marbles
2.8%
Dropa Stones
1.5%
Mediterranean Tablets
3%
Joseph Smith, the founder of Mormonism, claims he found ______ plates after being directed by God to the place where they were buried.
1823
Golden
75.2%
Silver
12.5%
Platinum
3.6%
Copper
8%
This American rock singer, known for songs like ‘I Love Rock 'n Roll’ and ‘Bad Reputation’, is born.
1958
Joan Jett
74.4%
Tina Turner
4.4%
Pat Benatar
15%
Debbie Harry
4.1%
This American soldier and spy is captured and hanged by the British during the American Revolution.
1776
Nathan Hale
70.3%
Paul Revere
12.7%
Samuel Adams
7.9%
Crispus Attucks
9.1%
Sara Jane Moore tries to assassinate this US President, but is foiled by Secret Service agent Oliver Sipple.
1975
Gerald Ford
62.4%
Jimmy Carter
10%
Richard Nixon
11.6%
Ronald Reagan
13.5%

You're not logged in!

Compare scores with friends on all Sporcle quizzes.
OR
Log In

You Might Also Like...

Show Comments

Extras

Top Quizzes Today


Score Distribution

Your Account Isn't Verified!

In order to create a playlist on Sporcle, you need to verify the email address you used during registration. Go to your Sporcle Settings to finish the process.

Report this User

Report this user for behavior that violates our Community Guidelines.

Details: